Statystyki dla jaka jest religia w danym kraju

Kliknij tutaj aby rozwiązać quiz!

Ogólne statystyki

  • Ten quiz został rozwiązany 258 razy
  • Średni wynik to 6 z 8

Statystyki odpowiedzi

państworeligia% Poprawnych
Egiptislam
91%
Polskakatolicyzm
86%
Ukrainaprawosławie
81%
Izraeljudaizm
78%
Indiehinduizm
65%
Czechyateizm
56%
Erytreachrześcijaństwo
55%
Wielka Brytaniaanglikanizm
49%

Rozkład punktacji

Percentyl według liczby udzielonych odpowiedzi

Procent ludzi z każdym wynikiem

Twoja historia wyników

Nie rozwiązałeś tego quizu